| 000 | 00416nam a2200157Ia 4500 | ||
|---|---|---|---|
| 008 | 121004t2009 xxu||||| |||| 00| 0 sin d | ||
| 041 | _asin | ||
| 080 |
_ax 8 S 3 (Youth) _bRAN |
||
| 245 | _aපුංචියි අච්චියි | ||
| 246 | _aPunchiy Achchiy | ||
| 260 |
_aSarasawi _aNugegoda _c2009 |
||
| 300 | _b256p, ill, 18 cm | ||
| 942 | _cBK | ||
| 999 |
_c41949 _d41949 |
||
| 003 | LK-CoDNM | ||
| 040 |
_aLK-CoDNM _dLK-CoDNM _eLK-CoDNM |
||